Zwycięscy ligi mistrzów 1990-2023 - Statystyki

Ogólne statystyki
  • Ten quiz został rozwiązany 49 razy
  • Średni wynik to 27 z 34
Statystyki odpowiedzi
Rok Klub % Poprawnych
2022 Real Madryt
97%
2018 Real Madryt
97%
2017 Real Madryt
97%
2016 Real Madryt
97%
2014 Real Madryt
97%
2002 Real Madryt
97%
2000 Real Madryt
97%
1998 Real Madryt
97%
2015 Fc Barcelona
92%
2011 Fc Barcelona
92%
2009 Fc Barcelona
92%
2006 Fc Barcelona
92%
1992 Fc Barcelona
92%
2020 Bayern
89%
2013 Bayern
89%
2001 Bayern
89%
2019 Liverpool
87%
2005 Liverpool
87%
2023 Manchester City
87%
2007 Ac milan
79%
2003 Ac milan
79%
1994 Ac milan
79%
1990 Ac milan
79%
2008 Manchester United
79%
1999 Manchester United
79%
2021 Chelsea
74%
2012 Chelsea
74%
2010 Inter Mediolan
61%
1996 Juventus
50%
1995 Ajax
45%
1997 Borussia
42%
2004 Fc Porto
42%
1993 Marsylia
18%
1991 Crvena zvezda
13%
Nie znaleziono quizów pasujących do podanych kryteriów
Rozkład punktacji
Procent ludzi z każdym wynikiem
Percentyl według liczby udzielonych odpowiedzi
Twoja historia wyników
Nie rozwiązałeś tego quizu